| 000 | 00340nam a2200109Ia 4500 | ||
|---|---|---|---|
| 008 | 171204s9999 xx 000 0 und d | ||
| 245 | _aLocked Down: Information Security for Lawyers: | ||
| 245 | _cSharon D. Nelson | ||
| 260 | _c2013 | ||
| 650 | _xFUNDAMENTALS OF INFORMATION SECURITY | ||
| 856 | _uhttp://down.ebook777.com/038/1614383642.pdf | ||
| 999 |
_c347162 _d347162 |
||